000 00286nam a22001337a 4500
008 170830b xxu||||| |||| 00| 0 eng d
020 _a2900534548284
041 _aeng
080 _22ND
_a070
100 _a39
101 _aMED
245 _aMEDIA NOW
_cSTRAUBHAAR,J
942 _2udc
_cBK
999 _c25462
_d25462